000 00567nam a2200205Ia 4500
005 20250326145026.0
008 250326s9999 xx 000 0 und d
020 _a0-13-143035-1
037 _aTextbook
040 _aFMSL
_beng
_cFMSL
041 _aeng
_2eng
084 _aX:51 P6
_qFMSL
100 _aGhemawat Pankaj
245 0 _aStrategy and the business landscape
_cGhemawat Pankaj And Others
250 _a2
260 _aNew Jersey
_bNew Jersey, Prentice Hall
_c2006
300 _ax,159
942 _cTB
_hX:51 P6
999 _c1306088
_d1306088